Countries Closest to France A-Z - Statistics

General Stats
  • This quiz has been taken 61 times
  • The average score is 21 of 24
Answer Stats
Country % Correct
B Belgium
98%
S Switzerland / Spain
98%
A Andorra
96%
G Germany
92%
I Italy
91%
U United Kingdom
91%
L Luxembourg
89%
N Netherlands
89%
P Portugal
89%
O Oman
87%
Y Yemen
87%
Z Zambia
87%
D Denmark
85%
E Estonia
85%
F Finland
85%
Q Qatar
83%
H Hungary
81%
M Monaco
81%
R Romania
81%
V Vatican City
81%
C Czech Republic
79%
J Jordan
79%
K Kosovo
70%
T Tunisia
70%
No matching quizzes found
Score Distribution
Percent of People with Each Score
Percentile by Number Answered
Your Score History
You have not taken this quiz